Olivia Rodrigo - Associer les chansons à l'album #4 - Statistiques

Statistiques générales
  • Ce quiz a été pris 12 fois
  • Le résultat moyen est 11 sur 11
Statistiques - réponses
Hint Réponse % Correct
bad idea right? Guts
100%
scared of my guitar Guts
100%
obsessed Guts
100%
favorite crime Sour
100%
happier Sour
100%
u + me = ˂3 you seem pretty sad for a girl so in love
100%
stupid song you seem pretty sad for a girl so in love
100%
less you seem pretty sad for a girl so in love
100%
pretty isn't pretty Guts
89%
my way you seem pretty sad for a girl so in love
89%
enough for you Sour
78%
Aucun quiz correspondant
Distribution des résultats
% des personnes avec chaque résultat
Percentile par nombre de réponses
Votre historique - résultats
Vous n’avez pas pris ce quiz